000 00260nam a2200097Ia 4500
008 200302s9999 xx 000 0 und d
100 _aMarcel Breuer
245 _aThe Conteporary Aspect of Pharaonic Architecture
260 _bTaschen Verlag Gmbh
300 _a184 P.,
999 _c143
_d143